000 00742nam a2200253Ia 4500
003 OSt
005 20221005060149.0
006 a|||||r|||| 00| 0
007 ta
008 221004b |||||||| |||| 00| 0 eng d
020 _a9780141315928 (pbk)
_c369
024 _a90416
037 _b126, 18/09/2008, N. R. Book Distributors
_cTextual
040 _aCRL
_cCRL
_beng
041 _2eng
_aeng
082 _aO111,3N65,WL, P7
100 _aColfer Eoin
_9599407
245 0 _aWish list
260 _aLondon
_bPuffin Books UK
_c2007
300 _a200p.
_ccm.
650 _aENGLISH LITERATURE
942 _hO111,3N65,WL, P7
_cTEXL
_2cc
999 _c966241
_d966241